5HLuxD.jpg

KING HENRY VIII SENIOR AND PRIMARY SCHOOL LIBRARY OPAC

Compact Oxford English dictionary for university and college students / (Record no. 4)

000 -LEADER
fixed length control field 01225cam a2200313 a 4500
001 - CONTROL NUMBER
control field 14415156
003 - CONTROL NUMBER IDENTIFIER
control field OSt
005 - DATE AND TIME OF LATEST TRANSACTION
control field 20190613131114.0
008 - FIXED-LENGTH DATA ELEMENTS--GENERAL INFORMATION
fixed length control field 060615s2006 enk d 000 0 eng
010 ## - LIBRARY OF CONGRESS CONTROL NUMBER
LC control number 2006049351
020 ## - INTERNATIONAL STANDARD BOOK NUMBER
International Standard Book Number 0199296251
020 ## - INTERNATIONAL STANDARD BOOK NUMBER
International Standard Book Number 9780199296255
035 ## - SYSTEM CONTROL NUMBER
System control number (OCoLC)ocm70259080
035 ## - SYSTEM CONTROL NUMBER
System control number (OCoLC)70259080
040 ## - CATALOGING SOURCE
Original cataloging agency DLC
Transcribing agency DLC
Modifying agency BWKUK
-- BTCTA
-- OCLCQ
-- DLC
082 00 - DEWEY DECIMAL CLASSIFICATION NUMBER
Classification number 423 COM
Edition number 22
245 00 - TITLE STATEMENT
Title Compact Oxford English dictionary for university and college students /
Statement of responsibility, etc. edited by Catherine Soanes with Sara Hawker.
246 14 - VARYING FORM OF TITLE
Title proper/short title Compact Oxford English dictionary for students
260 ## - PUBLICATION, DISTRIBUTION, ETC.
Place of publication, distribution, etc. Oxford ;
-- New York :
Name of publisher, distributor, etc. Oxford University Press,
Date of publication, distribution, etc. c2006.
300 ## - PHYSICAL DESCRIPTION
Extent x, 1210 p. ;
Dimensions 21 cm.
500 ## - GENERAL NOTE
General note "Dictionary text based on the Compact Oxford English dictionary of current English, third edition, 2005"--T.p. verso.
650 #0 - SUBJECT ADDED ENTRY--TOPICAL TERM
Topical term or geographic name entry element English language
Form subdivision Dictionaries.
700 1# - ADDED ENTRY--PERSONAL NAME
Personal name Soanes, Catherine.
700 1# - ADDED ENTRY--PERSONAL NAME
Personal name Hawker, Sara.
730 0# - ADDED ENTRY--UNIFORM TITLE
Uniform title Compact Oxford English dictionary of current English.
906 ## - LOCAL DATA ELEMENT F, LDF (RLIN)
a 7
b cbc
c orignew
d 1
e ocip
f 20
g y-gencatlg
942 ## - ADDED ENTRY ELEMENTS (KOHA)
Source of classification or shelving scheme
Koha item type Reference
Holdings
Withdrawn status Lost status Source of classification or shelving scheme Damaged status Not for loan Collection code Permanent Location Current Location Shelving location Date acquired Full call number Barcode Date last seen Copy number Price effective from Koha item type
          Reference KH8 Senior School Library KH8 Senior School Library Reference 2019-06-13 423 COM 3KHSL000100069 2019-06-13 3 2019-06-13 Reference
          Reference KH8 Senior School Library KH8 Senior School Library Reference 2019-08-14 423 COM 3KHSL000100068 2019-08-14 2 2019-08-14 Reference
          Reference KH8 Senior School Library KH8 Senior School Library Reference 2019-08-14 423 COM 3KHSL000100067 2019-08-14 1 2019-08-14 Reference

Powered By KH8 IT Dept